1373 1299 1034 1350 1857 1441 1100 1732 1118 1821 1546 1455 1680 1684 1453 1428 1019 1772 1979 1359 1743 1079 1979 1937 1213 1651 1033 1573 1139 1783 1070 1418 1939 1143 1311 1754 1303 1898 1643 1378 1591 1615 1133 1339 1444 1865 1332 1605 1473 1188 1251 1838 1775 1837 1569 1274 1242 1786 1077 1649 1245 1036 1796 1850 1389 1052 1981 1196 1626 1173 1247 1355 1337 1867 1265 1937 1028 1088 1613 1093 1977 1643 1037 1712 1873 1859 1332 1611 1355 1083 1993 1130 1993 1846 1157 1608 1085 1090 1090 BCNSPRNW ULIB Ver.6.0+V

เปลี่ยนเป็นภาษาไทย

Change to English
 แสดงรายละเอียดบรรณานุกรม
  กลับหน้าหลัก

Brief Record : Get Marc (ISO 2709) : E-mail record : QR code < ปิดหน้าต่าง
LEADER : 00000nam 2200000uu 4500
001    13399112140
003     ULIB
008    110627s2549||||th 000 0 tha d
020    9789749476433
090    นว.^bร387ล 2549
100 0  รัมย์
245 00 ลิขิตหัวใจในสวนรัก/^cรัมย์
250    พิมพ์ครั้งที่ 1
260    กรุงเทพฯ :^b1168 พับลิชชิ่ง,^c2549
300    364 หน้า
710 1  1168 พับลิชชิ่ง
945    ^p219^l0^i020305
995    ทศพร
999 ^a ใช้งานได้ทุกระบบ
รายการนี้ยังไม่มีแท็ก
คุณยังไม่ได้ล็อกอิน คุณสามารถมีกิจกรรมร่วมกับเว็บไซต์ได้ แต่ต้องล็อกอินก่อน ::
  ล็อกอิน

รายการสื่อสารสนเทศ

ลำดับที่ ประเภท เลขเรียก/บาร์โค้ด สถานที่ สถานะ
- ไม่พบข้อมูล -

รายการใกล้เคียง
    ผู้แต่ง [รัมย์]

BibComment


ยังไม่เคยถูกคอมเมนท์

คอมเมนท์ทรัพยากรรายการนี้
  คอมเมนท์: ลิขิตหัวใจในสวนรั..


 Copyright 2026. Bcnsprnw @Library